| 000 | 00587nam a2200205Ia 4500 | ||
|---|---|---|---|
| 005 | 20250508162337.0 | ||
| 008 | 008 250505s9999 xx 000 0 eng d | ||
| 020 | _a0-8039-0704-4 | ||
| 037 | _aTextual | ||
| 040 |
_aFEDL _beng _cFEDL |
||
| 041 |
_aeng _2eng |
||
| 084 |
_a371.26, EVA _qFEDL |
||
| 100 |
_aGlass Gene V Ed. _9772924 |
||
| 245 | 0 | _aEvalution studies review annual Vol. 1 | |
| 260 |
_aBeverly _bHills Sage _c1976 |
||
| 300 | _a672p. | ||
| 650 |
_aEducational Test and Measurements _9577435 |
||
| 942 |
_cTEXL _h371.26, EVA |
||
| 999 |
_c1375957 _d1375957 |
||